000 00767cab a2200289 4500
001 X1326
008 090401t1994 xxu||||| |||| 00| 0 eng d
035 _a(Sirsi) u16228
041 _aeng
245 _aHotel valuations `should not ignore market evidence`
260 _c1994
350 _a0
490 _aCSM (Chartered Surveyor Monthly)
_v3(6) March 1994, 8(1)
650 _aASSET VALUATIONS
650 _aBRITISH ASSOCIATION OF HOTEL ACCOUNTANTS
650 _aHOTELS
650 _aLEISURE PROPERTY
650 _aLICENSED PREMISES
650 _aMANUAL OF VALUATION STANDARDS
650 _aRICS
650 _aSAVP NO 12
650 _aVALUATIONS
650 _aWHITE BOOK
690 _aRATING AND VALUATION
942 _n0
948 _c04/03/1997
999 _c10665
_d10665